01628nam a2200241 a 4500008004100000020001800041050001400059100001800073245007000091260004500161300001900206650002200225650002000247995014600267995014700413995014700560995014600707999001700853952012500870952013300995952013301128952012501261130823s2009 ||||||||||||||||| || u a9780470442548 aT 385 KEN aKent, Lynette10aPhotoshop CS4 Top 100 simplified tips and trickscby Lynette Kent aIndianapolis:bJohn Wiley and Sonsc2009 ax, 278p.: ill. 0aCOMPUTER GRAPHICS aADOBE PHOTOSHOP aANNEX COLLECTION (Main Library)e744306FCBU-MAIN LIBRARY (Kitwe)jT 385 KENM2UAVAILABLEWSep 25, 2013y744306ZAnnex Low-Usage Collection  aMAIN LIBRARY OPEN ACCESSe744307FCBU-MAIN LIBRARY (Kitwe)jT 385 KENM3UAVAILABLEWSep 25, 2013y744307ZMain Library Open Access Collection aMAIN LIBRARY OPEN ACCESSe744305FCBU-MAIN LIBRARY (Kitwe)jT 385 KENM1UAVAILABLEWSep 25, 2013y744305ZMain Library Open Access Collection aANNEX COLLECTION (Main Library)e744308FCBU-MAIN LIBRARY (Kitwe)jT 385 KENM4UAVAILABLEWSep 25, 2013y744308ZAnnex Low-Usage Collection  c81882d81882 00102lcc4070a001b001cAnnex Low-Usage Collection d2023-09-12l0oT 385 KENp744306r2023-09-12t1w2023-09-12y002 00102lcc4070a001b001cMain Library Open Access Collectiond2023-09-12l0oT 385 KENp744307r2023-09-12t2w2023-09-12y002 00102lcc4070a001b001cMain Library Open Access Collectiond2023-09-12l0oT 385 KENp744305r2023-09-12t3w2023-09-12y002 00102lcc4070a001b001cAnnex Low-Usage Collection d2023-09-12l0oT 385 KENp744308r2023-09-12t4w2023-09-12y002